Neviete kam s peniazmi? Dá sa veľa zarobiť, ale aj prerobiť

Bibliographic Details
Main Author: Šnajdr, Roman (Author)
Format: Article
Language:Slovak
PhysicalDescription:Fotogr. 1
Subjects:

MARC

LEADER 00000nab a2200000 a 4500
001 vtls000508013
003 SK-MaSNL
005 20260303003337.0
008 120927c1993 xo 0 slo
015 |a SNBRB19rr/mm-uuuuu 
035 |a CL0508151 
040 |a SNKBUCL  |b slo  |c SNKBUCL  |e AACR2 
041 0 |a slo 
044 |a xo  |c SK 
080 |a 336.76  |2 1981 
100 1 |a Šnajdr, Roman  |4 aut  |9 981072 
245 1 0 |a Neviete kam s peniazmi?  |b Dá sa veľa zarobiť, ale aj prerobiť  |c Roman Šnajdr 
300 |b Fotogr. 1 
650 0 7 |a trh kapitálový  |2 snkbucl  |9 288344 
655 7 |a články z novín a časopisov  |2 snkbucl  |9 267496 
773 0 |t Slovenský profit  |g Roč. 1, č. 14 (1993), s. 13 
850 |a Slovenská národná knižnica v Martine  |a MTA001 
852 |a SNK  |b KIS3GCP 
958 |a RK 
992 |a RBX 
999 |c 1572321  |d 1574251